[Event "Match"]
[Site "www.echecsemail.com"]
[Date "2016.11.27"]
[Round "1"]
[White "Billyg"]
[Black "Istomc"]
[WhiteElo "1740"]
[BlackElo "1630"]
[Result "1-0"]
[Round "1"]
1.e4 e5
2.Ng1f3 Nb8c6
3.Bf1b5 Qd8f6
4.c3 a6
5.Bb5xc6 dxc6
6.d4 Qf6g6
7.Nf3g5 Ng8f6
8.Nb1d2 Qg6xg5
9.O-O Bc8g4
10.f3 Qg5e3
11.Rf1f2 Bg4e6
12.Nd2c4 Qe3xf2
13.Kxf2 Be6xc4
14.d5 cxd5
15.b3 Bc4b5
16.exd5 Bf8c5
17.Ke1 O-O-O
18.c4 Bb5e8
19.Bc1d2 Bc5d4
20.f4  { time }
1-0

[Event "Match"]
[Site "www.echecsemail.com"]
[Date "2016.11.27"]
[Round "1"]
[White "Joseph1983"]
[Black "Jesmantiz"]
[WhiteElo "2130"]
[BlackElo "2240"]
[Result "1-0"]
[Round "1"]
1.e4 d6
2.d4 c6
3.Ng1f3 g6
4.Bf1c4 h6
5.Qd1e2 Bf8g7
6.O-O e6
7.c3 Ng8e7
8.Nf3d2 b5
9.Bc4d3 O-O
10.f4 f5
11.e5 d5
12.a4 bxa4
13.Ra1xa4 Bc8d7
14.Ra4a1 Bd7e8
15.b3 Nb8d7
16.Nd2f3 c5
17.Nb1d2 Ne7c8
18.Bc1a3 Qd8c7
19.Bd3b5 Nc8b6
20.Nf3h4 g5
21.fxg5 hxg5
22.Nh4f3 Be8h5
23.Qe2f2 g4
24.Nf3e1 Rf8f7
25.dxc5 Bg7xe5
26.cxb6 Be5xh2
27.Kh1 Nd7xb6
28.g3 Bh2xg3
29.Qf2e3 Rf7h7
30.Kg2 Bg3e5
31.Ra1c1 Bh5f7
32.Rf1h1 Be5f4
33.Qe3e2 Rh7xh1
34.Kxh1 Kg7
35.Ne1g2 Ra8h8
36.Kg1 Bf4g5
37.Ba3b2 Qc7h2
38.Kf1 e5
39.c4 d4
40.Qe2f2 Bf7e6
41.Ke2 Rh8h3
42.Nd2f1 Rh3xb3
43.Bb2xd4 exd4
44.Qf2xd4 Bg5f6
45.Qd4xf6 Kxf6
46.Nf1xh2 g3
47.Nh2f1 Rb3b2
48.Kf3 f4
49.Ng2xf4 Rb2b3
50.Kg2 Be6g4
51.Nf1xg3 Rb3b2
52.Kf1 Kg5
53.Nf4e2 Kh4
54.Bb5a6 Rb2a2
55.Ba6b7 a5
56.c5 Nb6d7
57.Bb7c8 Bg4h3
58.Kf2 Nd7e5
59.Rc1h1 Ne5g4
60.Bc8xg4 Kxg4
61.Rh1c1 Kg5
62.c6 Bh3c8
63.Ng3e4 Kg6
64.c7 Bc8a6
65.Rc1c6 { resign }
1-0

[Event "1/32 Finale"]
[Site "www.chess-mail.com"]
[Date "2016.11.27"]
[Round "1"]
[White "Szustan"]
[Black "Sbb"]
[WhiteElo "2640"]
[BlackElo "2619"]
[Result "1/2-1/2"]
[Round "1"]
1.e4 e5
2.Ng1f3 Nb8c6
3.Nb1c3 Ng8f6
4.d4 exd4
5.Nc3d5 Nc6b4
6.Nd5xf6 Qd8xf6
7.Bf1c4 Bf8c5
8.O-O d6
9.e5 dxe5
10.Bc1g5 Qf6f5
11.Rf1e1 Bc5d6
12.c3 O-O
13.cxb4 e4
14.Nf3xd4 Qf5xg5
15.Re1xe4 Bc8d7
16.Nd4f3 Qg5f6
17.Qd1d4 Qf6xd4
18.Re4xd4 g6
19.g3 Ra8e8
20.a3 a6
21.Ra1d1 Kg7
22.Kg2 Bd7c8
23.Rd4d3 Bd6e7
24.Nf3e5 Bc8f5
25.Rd3e3 Be7f6
26.Rd1e1 h5
27.f4 Re8e7
28.Re1e2 { draw }
1/2-1/2

[Event "Eq:Nightwish-Equipo Juan Diaz : "]
[Site "www.chess-mail.com"]
[Date "2016.11.27"]
[Round "1"]
[White "Yomismista"]
[Black "Maciekkam"]
[WhiteElo "2590"]
[BlackElo "2230"]
[Result "0-1"]
[Round "1"]
1.d4 Ng8f6
2.c4 g6
3.Nb1c3 Bf8g7
4.e4 d6
5.Ng1f3 O-O
6.Bf1e2 e5
7.dxe5 dxe5
8.Qd1xd8 Rf8xd8
9.Bc1g5 Rd8f8
10.O-O-O Nb8d7
 { time }
0-1

[Event "Tourn. n9062"]
[Site "www.chess-mail.com"]
[Date "2016.11.28"]
[Round "1"]
[White "Bojan"]
[Black "Redapond1"]
[WhiteElo "1960"]
[BlackElo "2049"]
[Result "0-1"]
[Round "1"]
1.e4 e5
2.Ng1f3 Nb8c6
3.Bf1b5 a6
4.Bb5a4 Bf8c5
5.c3 Ng8f6
6.d3 d6
7.h3 b5
8.Ba4c2 O-O
9.Nf3h2 d5
10.exd5 Qd8xd5
11.f3 Rf8e8
12.Bc1g5 Nf6h5
13.Bg5h4 Nh5f4
14.Qd1d2 Bc8f5
15.g3 Nf4xd3
16.Ke2 e4
17.f4 e3
{ resign }
0-1

[Event "Tourn. n8930"]
[Site "www.chess-mail.com"]
[Date "2016.11.28"]
[Round "1"]
[White "Numanoid"]
[Black "Ejner"]
[WhiteElo "2280"]
[BlackElo "2480"]
[Result "1-0"]
[Round "1"]
1.e4 e6
2.d4 d5
3.e5 c5
4.c3 Qd8b6
5.Ng1f3 Nb8c6
6.Bf1e2 cxd4
7.cxd4 Ng8h6
8.Be2d3 Bc8d7
9.Bd3c2 g5
10.h3 Nh6f5
11.Bc2xf5 exf5
12.Bc1xg5 Qb6xb2
13.Nb1d2 Qb2b5
14.a4 Qb5d3
15.Qd1e2 Nc6b4
16.Qe2xd3 Nb4xd3
17.Ke2 Nd3b4
18.Rh1c1 Rh8g8
19.Nd2f1 Rg8g6
20.Nf1g3 Bf8e7
21.Bg5xe7 Kxe7
22.Nf3h4 Rg6g5
23.Rc1c7 f4
24.Ng3f5 Kd8
25.Rc7xb7 Nb4c2
26.Ra1a2 f3
27.Nh4xf3 Rg5xg2
28.Nf5d6 { resign }
1-0

[Event "Tourn. n9030"]
[Site "www.chess-mail.com"]
[Date "2016.11.28"]
[Round "1"]
[White "Osopanda"]
[Black "Bojan"]
[WhiteElo "2020"]
[BlackElo "1980"]
[Result "0-1"]
[Round "1"]
1.d4 d5
2.c4 dxc4
3.e4 b5
4.a4 c6
5.axb5 cxb5
6.Nb1c3 Qd8d7
7.Ng1f3 f6
8.Bc1f4 e6
9.e5 Bf8b4
10.Bf1e2 Bc8b7
11.O-O a6
12.d5 Bb4xc3
13.bxc3 Bb7xd5
14.exf6 Ng8xf6
15.Nf3e5 Qd7b7
16.Be2f3 O-O
17.Bf3xd5 Nf6xd5
18.Bf4d2 Nb8d7
19.Qd1e2 Nd7xe5
20.Qe2xe5 Ra8e8
21.f4 Rf8f5
22.Qe5d4 e5
23.fxe5 Rf5xe5
24.Ra1e1 Re5xe1
25.Rf1xe1 Re8d8
26.Qd4e5 Nd5f6
27.Bd2g5 Rd8e8
28.Qe5g3 Re8xe1
29.Qg3xe1 h6
30.Qe1e6 Kh7
31.Bg5xf6 gxf6
32.Qe6xf6 a5
33.Kf2 Qb7d7
34.Ke3 a4
35.h3 a3
36.Qf6a6 Qd7d3
37.Kf4 Qd3d2
38.Kf5 Qd2g5
39.Ke4 Qg5g6
40.Kd4 Qg6xa6
{ resign }
0-1

[Event "Tourn. n8851"]
[Site "www.chess-mail.com"]
[Date "2016.11.28"]
[Round "1"]
[White "Leo57"]
[Black "Obisporey"]
[WhiteElo "2800"]
[BlackElo "2590"]
[Result "1-0"]
[Round "1"]
1.Ng1f3 Ng8f6
2.c4 e6
3.g3 d5
4.d4 Bf8e7
5.Bf1g2 O-O
6.O-O dxc4
7.Qd1c2 a6
8.Qc2xc4 b5
9.Qc4c2 Bc8b7
10.Bc1d2 Be7d6
11.Bd2g5 Nb8d7
12.Nb1d2 Ra8c8
13.Nd2b3 c5
14.Bg5xf6 Nd7xf6
15.Nb3xc5 Bb7e4
16.Qc2c3 Nf6d5
17.Qc3a3 a5
18.Ra1c1 Qd8b6
19.Nf3d2 b4
20.Qa3a4 Be4xg2
21.Kxg2 Bd6xc5
22.dxc5 Rc8xc5
23.Nd2b3 Rc5b5
24.Rc1c2 Qb6b7
25.Kg1 Nd5f6
26.Rf1c1 Rb5d5
27.Rc2c5 Rd5xc5
28.Nb3xc5 Qb7d5
29.Nc5d3 Rf8a8
30.Rc1c5 Qd5d8
31.Qa4b5 h6
32.Kg2 Nf6e4
33.Rc5c6 Ne4f6
34.h4 Qd8d4
35.Rc6c4 Qd4d8
36.Qb5b7 Ra8b8
37.Qb7c7 Qd8xc7
38.Rc4xc7 Rb8d8
39.Kf3 Rd8d5
40.Rc7c8 Kh7
41.Rc8c5 Rd5xc5
42.Nd3xc5 h5
43.e4 Nf6g4
44.Ke2 Ng4e5
45.b3 Kh6
46.f4 Ne5c6
47.Kd3 e5
48.f5 f6
49.Kc4 Nc6d4
50.Nc5b7 Nd4e2
51.Nb7xa5 Ne2xg3
52.Kxb4 Ng3xe4
53.Na5c4 Ne4g3
54.a4 Ng3xf5
55.a5 Nf5e7
56.a6 e4
57.Kc5 Ne7c8
58.b4 g5
59.b5 gxh4
60.Nc4d6 { resign }
1-0

[Event "Tourn. n9061"]
[Site "www.chess-mail.com"]
[Date "2016.11.28"]
[Round "1"]
[White "Cal"]
[Black "Vasylpuzanov"]
[WhiteElo "1630"]
[BlackElo "1570"]
[Result "1-0"]
[Round "1"]
1.c4 e5
2.e4 Nb8c6
3.d3 Bf8b4
4.Bc1d2 Bb4xd2
5.Nb1xd2 d6
6.h3 Ng8e7
7.Ng1f3  { time }
1-0

[Event "Tourn. n9055"]
[Site "www.chess-mail.com"]
[Date "2016.11.28"]
[Round "1"]
[White "Prize640"]
[Black "Obisporey"]
[WhiteElo "2370"]
[BlackElo "2610"]
[Result "0-1"]
[Round "1"]
1.e4 c5
2.Ng1f3 Nb8c6
3.Bf1b5 g6
4.Bb5xc6 bxc6
5.O-O Bf8g7
6.d3 d6
7.Nb1c3 Ra8b8
8.h3 e5
9.b3 f5
10.exf5 Bc8xf5
11.Bc1g5 Ng8e7
12.Rf1e1 O-O
13.Ra1b1 h6
14.Bg5xe7 Qd8xe7
15.d4 e4
16.Nc3a4 Qe7d8
17.Nf3d2 Bg7xd4
18.c3 Bd4xf2
{ resign }
0-1

[Event "Tourn. n9005"]
[Site "www.chess-mail.com"]
[Date "2016.11.28"]
[Round "1"]
[White "Goofy"]
[Black "Numanoid"]
[WhiteElo "2340"]
[BlackElo "2330"]
[Result "1/2-1/2"]
[Round "1"]
1.e4 e6
2.d4 d5
3.Nb1c3 Bf8b4
4.e5 c5
5.a3 Bb4xc3
6.bxc3 Ng8e7
7.Qd1g4 Ne7f5
8.Bf1d3 h5
9.Qg4f4 Qd8c7
10.Bc1d2 Nb8c6
11.Ng1f3 Nc6e7
12.O-O c4
13.Bd3xf5 Ne7xf5
14.Nf3h4 Nf5xh4
15.Qf4xh4 Bc8d7
16.a4 { draw }
1/2-1/2

[Event "Tourn. n9020"]
[Site "www.chess-mail.com"]
[Date "2016.11.28"]
[Round "1"]
[White "Julian"]
[Black "Faerieking"]
[WhiteElo "2020"]
[BlackElo "2170"]
[Result "0-1"]
[Round "1"]
1.e4 c5
2.Ng1f3 d6
3.Bf1c4 Ng8f6
4.Nb1c3 a6
5.O-O Nb8c6
6.d4 cxd4
7.Nf3xd4 Bc8d7
8.Kh1 e6
9.Bc4b3 Bf8e7
10.Bc1f4 Nc6xd4
11.Qd1xd4 e5
12.Bf4xe5 dxe5
13.Qd4xe5 O-O
14.Ra1d1 Qd8e8
15.Nc3d5 Nf6xd5
16.exd5 Qe8d8
17.Rf1e1 Be7f6
18.Qe5g3 Bf6xb2
19.c4 Qd8b6
20.Re1e7 Bd7f5
21.Re7c7 Bb2d4
22.h4 Bd4xf2
23.Qg3f3 Bf2xh4
24.Qf3xf5 Qb6xc7
25.d6 Qc7c6
26.c5 g6
27.Qf5h3 Bh4f2
28.Bb3d5 Qc6xc5
29.d7 Qc5c2
30.Bd5f3 Ra8b8
31.Qh3h6 Bf2b6
32.Rd1c1 Qc2f2
33.Qh6h2 Rb8d8
34.Bf3xb7 Rd8xd7
35.Bb7xa6 Rf8d8
{ resign }
0-1

[Event "Tourn. n9088"]
[Site "www.chess-mail.com"]
[Date "2016.11.28"]
[Round "1"]
[White "Fred"]
[Black "Bojan"]
[WhiteElo "1950"]
[BlackElo "2050"]
[Result "1-0"]
[Round "1"]
1.e4 e5
2.f4 exf4
3.Ng1f3 d5
4.e5 a6
5.d4 Nb8c6
6.Bc1xf4 Bf8e7
7.c3 Bc8f5
8.Bf1d3 Qd8d7
9.O-O Bf5g4
10.h3 Bg4h5
11.Nb1d2 h6
12.Qd1b3 b6
13.Ra1e1 Nc6a5
14.Qb3c2 g6
15.e6 Qd7d8
16.exf7 Kxf7
17.Nf3e5 Kg7
18.Bd3xg6 Bh5g4
19.Ne5xg4 Be7g5
20.Bf4xg5 { resign }
1-0

[Event "Tourn. n9094"]
[Site "www.chess-mail.com"]
[Date "2016.11.28"]
[Round "1"]
[White "Bojan"]
[Black "B0zata"]
[WhiteElo "2050"]
[BlackElo "2250"]
[Result "0-1"]
[Round "1"]
1.e4 d5
2.exd5 Qd8xd5
3.Nb1c3 Qd5e5
4.Qd1e2 Nb8c6
5.Ng1f3 Qe5xe2
6.Bf1xe2 Ng8f6
7.Nc3b5 Kd8
8.Nf3g5 Bc8e6
9.Ng5xe6 fxe6
10.c3 a6
11.Nb5a3 g6
12.O-O Bf8g7
13.Rf1e1 Ke8
14.d4 Ra8d8
15.Be2f3 Nf6d5
16.Re1xe6 Kf7
17.Re6e4 e5
18.dxe5 Bg7xe5
19.Na3c4 Rh8e8
20.g3 Nd5b6
21.Nc4xe5 Nc6xe5
22.Bf3e2 Kg7
23.Bc1g5 Rd8d6
24.f4 Rd6e6
25.h3 Ne5f7
26.Re4xe6 Re8xe6
27.Be2g4 Re6e3
28.Kf2 Re3d3
29.Ke2 Rd3xg3
30.Kf2 Rg3d3
31.Ke2 Rd3d6
32.Bg5h4 h5
33.Bg4f3 c6
34.b3 Nb6d5
35.f5 gxf5
36.c4 Nd5f4
37.Ke3 Nf4xh3
38.Bf3xh5 Rd6h6
39.Bh5xf7 Rh6xh4
40.Ra1h1 Kxf7
{ resign }
0-1

[Event "Tourn. n9094"]
[Site "www.chess-mail.com"]
[Date "2016.11.28"]
[Round "1"]
[White "B0zata"]
[Black "Norlavuaram"]
[WhiteElo "2250"]
[BlackElo "2250"]
[Result "0-1"]
[Round "1"]
1.e4 e5
2.Bf1c4 Ng8f6
3.Ng1f3 Nb8c6
4.Nb1c3 Bf8c5
5.O-O O-O
6.Rf1e1 d6
7.h3 a6
8.a3 h6
9.Nc3d5 Nf6xd5
10.Bc4xd5 Nc6e7
11.d4 exd4
12.Nf3xd4 Ne7xd5
13.exd5 Qd8f6
14.Bc1e3 Bc8d7
15.b3 Ra8e8
16.c4 Re8e7
17.Qd1d2 Rf8e8
18.b4 Bc5a7
19.Nd4f3 Ba7xe3
20.Re1xe3 Qf6xa1
21.Kh2 Qa1f6
22.Re3xe7 Re8xe7
23.c5 g5
24.Nf3d4 Qf6f4
25.Qd2xf4 gxf4
26.g3 Re7e4
27.c6 fxg3
28.Kxg3 bxc6
29.dxc6 Bd7c8
30.Nd4f5 Bc8xf5
31.f3 Re4c4
32.f4 Rc4c3
33.Kh4 Rc3xh3

0-1

[Event "Tourn. n9018"]
[Site "www.chess-mail.com"]
[Date "2016.11.28"]
[Round "1"]
[White "Egdiogel"]
[Black "Romaamor69"]
[WhiteElo "2220"]
[BlackElo "2420"]
[Result "1/2-1/2"]
[Round "1"]
1.e4 e6
2.d4 d5
3.Nb1c3 dxe4
4.Nc3xe4 Nb8d7
5.Bf1d3 Ng8f6
6.Qd1e2 c5
7.Ne4xf6 Nd7xf6
8.dxc5 Bf8xc5
9.Ng1f3 O-O
10.O-O b6
11.Bc1f4 Bc8b7
12.Ra1d1 Qd8e7
13.Rf1e1 Rf8d8
14.c3 Ra8c8
15.Bf4g5 h6
16.Bg5h4 g5
17.Bh4g3 Nf6h5
18.Bg3e5 Nh5f4
19.Be5xf4 gxf4
20.Rd1d2 Qe7f6
21.Bd3e4 Bb7xe4
22.Rd2xd8 Rc8xd8
23.Qe2xe4 Kg7
{ draw }
1/2-1/2

[Event "Tourn. n9063"]
[Site "www.chess-mail.com"]
[Date "2016.11.28"]
[Round "1"]
[White "Mao"]
[Black "Caspito"]
[WhiteElo "1940"]
[BlackElo "1860"]
[Result "1-0"]
[Round "1"]
1.e4 e5
2.Ng1f3 Nb8c6
3.Bf1c4 Qd8f6
4.Nb1c3 Ng8e7
5.d3 Nc6d4
6.Nf3xd4 exd4
7.Nc3d5 Ne7xd5
8.Bc4xd5 Bf8c5
9.O-O O-O
10.f4 d6
11.Qd1f3 c6
12.Bd5b3 a5
13.a3 b5
14.Qf3g3 Bc5b6
15.Bc1d2 Bb6c7
16.Qg3f2 c5
17.Bb3d5 Ra8a7
18.Bd5c6 b4
19.axb4 Bc8b7
20.Bc6xb7 Ra7xb7
21.bxa5 Rb7xb2
22.Rf1c1 Rf8a8
23.a6 h6
24.Bd2a5 Qf6d8
25.Ba5xc7 Qd8xc7
26.Ra1a4 Qc7b6
27.Rc1a1 g6
28.h3 Ra8a7
29.f5 Rb2b4
30.Ra4a3 c4
31.fxg6 fxg6
32.Qf2f6 Rb4b1
33.Ra1xb1 Qb6xb1
34.Kh2 Qb1b6
35.Qf6xg6 Kf8
36.Qg6xh6 Ke7
37.Ra3a4 cxd3
38.cxd3 Qb6b5
39.Qh6g7 { resign }
1-0

[Event "Tourn. n9027"]
[Site "www.chess-mail.com"]
[Date "2016.11.28"]
[Round "1"]
[White "Tonino1"]
[Black "Ff333"]
[WhiteElo "2030"]
[BlackElo "2070"]
[Result "1-0"]
[Round "1"]
1.f4 d5
2.d4 Ng8f6
3.e3 a6
4.Bf1d3 g6
5.Ng1f3 Bc8g4
6.b3 Nf6e4
7.O-O Bf8g7
8.Bc1b2 Qd8d7
9.Nb1d2 Ne4xd2
10.Qd1xd2 Nb8c6
11.a3 e6
12.Nf3e5 Nc6xe5
13.fxe5 O-O-O
14.c4 dxc4
15.bxc4 Bg7xe5
16.h3 c5
17.hxg4 cxd4
18.e4 Qd7e7
19.Qd2b4 Be5d6
20.c5 Bd6xc5
21.Ra1c1 Kd7
22.Qb4xc5 Qe7xc5
23.Rc1xc5 b6
24.Rc5c2 Ke7
25.Rc2c7 Rd8d7
26.Rc7xd7 Kxd7
27.Rf1xf7 Kd6
28.Bb2xd4 e5
29.Rf7f6 Kd7
30.Bd4xe5 { resign }
1-0

[Event "Tourn. n9022"]
[Site "www.chess-mail.com"]
[Date "2016.11.28"]
[Round "1"]
[White "Foxy100"]
[Black "Ejner"]
[WhiteElo "2310"]
[BlackElo "2470"]
[Result "0-1"]
[Round "1"]
1.e4 c5
2.Ng1f3 d6
3.d4 cxd4
4.Nf3xd4 Ng8f6
5.Nb1c3 g6
6.Bc1e3 Bf8g7
7.f3 O-O
8.Qd1d2 Nb8c6
9.Bf1c4 Bc8d7
10.Nd4xc6 bxc6
11.O-O Bd7e6
12.Bc4xe6 fxe6
13.Ra1b1 Qd8a5
14.Qd2d3 Nf6d7
15.Qd3c4 Nd7c5
16.Rf1d1 Ra8b8
17.b4 Qa5a6
18.b5 cxb5
19.Nc3xb5 Rb8c8
20.a3 Kh8
21.Qc4b4 Rc8c6
22.c4 Rf8c8
23.Qb4d2 Rc6b6
24.Rb1b4 Qa6b7
25.Qd2e2 a6
26.Nb5xd6 exd6
{ resign }
0-1

[Event "Match"]
[Site "www.echecsemail.com"]
[Date "2016.11.28"]
[Round "1"]
[White "Belgiumbart"]
[Black "Ledzepp"]
[WhiteElo "999"]
[BlackElo "1450"]
[Result "1-0"]
[Round "1"]
1.e4 d5
2.e5 d4
3.d3 e6
4.Ng1f3 Ng8e7
5.g3 Ne7d5
6.Nf3xd4 Bf8c5
7.Nd4f3 Bc5b4
8.c3 Bb4a5
9.d4 f6
10.Bf1g2 fxe5
11.Qd1a4 c6
12.Nf3xe5 O-O
13.O-O b5
14.Qa4a3 b4
15.Qa3b3 bxc3
16.bxc3 Qd8f6
17.Bc1a3 Bc8a6
18.Ba3xf8 Ba6xf1
19.Qb3b7 Nd5b6
20.Bf8xg7 Bf1a6
21.Qb7xa8 Nb6xa8
22.Bg7xf6 Na8b6
23.Ne5xc6 Nb8xc6
24.Bg2xc6 Nb6c4
25.d5 e5
26.a4 Nc4d6
27.Bf6xe5 Nd6e4
28.d6 Ne4g5
29.d7 Ng5f3
30.Bc6xf3 Kf7
31.Bf3g4 Ke7
32.Ra1a3 Ba6d3
33.Nb1d2 Bd3g6
34.Nd2c4 Ba5d8
35.Ra3b3 h5
36.Bg4h3 Bg6f7
37.Rb3b4 a5
38.Nc4xa5 Bd8xa5
39.Rb4b7 Bf7g6
40.c4 Bg6c2
41.c5 Bc2xa4
42.Rb7a7 Ba4xd7
43.Bh3xd7 Ba5b4
44.Bd7c8 Kd8
45.Bc8f5 Bb4xc5
46.Ra7d7 Ke8
47.Rd7c7 Bc5b6
48.Rc7h7 Bb6c5
49.Rh7xh5 Kf7
50.Rh5h7 Ke8
51.h4 Kf8
52.Kg2 Kg8
53.f4 Bc5e3
54.h5 Be3c5
55.h6 Bc5f8
56.Rh7h8 Kf7
57.h7 Bf8g7
58.Be5xg7 Ke7
59.Rh8g8 Kf7
60.h8Q Ke7
61.Bg7e5 { resign }
1-0

[Event "Match"]
[Site "www.echecsemail.com"]
[Date "2016.11.28"]
[Round "1"]
[White "Guidom"]
[Black "Vinvangogh"]
[WhiteElo "2140"]
[BlackElo "1310"]
[Result "1-0"]
[Round "1"]
1.e4 e5
2.Ng1f3 Ng8f6
3.Nb1c3 Bf8c5
4.d3 d5
5.exd5 Nf6xd5
6.Nc3e4 Bc5b4
7.c3 Bb4d6
8.c4 Nd5b4
9.a3 Nb4a6
10.b4 Bd6xb4
11.axb4 Na6xb4
12.Nf3xe5 Nb8c6
13.Ne5xc6 Nb4xc6
14.Bf1e2  { time }
1-0

[Event "Match"]
[Site "www.echecsemail.com"]
[Date "2016.11.28"]
[Round "1"]
[White "Guidom"]
[Black "Mitja"]
[WhiteElo "2150"]
[BlackElo "1960"]
[Result "1-0"]
[Round "1"]
1.e4 d5
2.exd5 Qd8xd5
3.Nb1c3 Qd5d8
4.Bf1c4 e6
5.Ng1f3 c6
6.O-O Ng8e7
7.d3 h6
8.Bc1f4 Ne7g6
9.Bf4g3 Bf8d6
10.Nc3e4 Bd6xg3
11.Ne4xg3 O-O
12.Rf1e1 Rf8e8
13.Qd1d2 Nb8d7
14.Ra1d1 Nd7f6
15.h3 b6
16.a3 Bc8b7
17.Nf3e5 Ng6xe5
18.Re1xe5 Qd8c7
19.d4 Ra8d8
20.c3 c5
21.Qd2e2 Qc7c6
22.f3 Qc6c7
23.Bc4b5 Bb7c6
24.Bb5xc6 Qc7xc6
25.dxc5 Rd8xd1
26.Qe2xd1 bxc5
27.Qd1d3 Qc6b6
28.Qd3e2 Re8d8
29.Ng3f1 Nf6d5
30.Kh1 Nd5f4
31.Qe2c2 Nf4d5
32.c4 Nd5f4
33.Re5e4 Nf4g6
34.Re4g4 Qb6d6
35.Qc2c3 Ng6e5
36.Rg4g3 Ne5g6
37.h4 f6
38.h5 Ng6e5
39.f4 Ne5d7
40.Qc3f3 Nd7f8
41.Nf1e3 Qd6e7
42.f5 e5
43.Ne3d5 Qe7f7
44.Qf3g4 Rd8d7
45.Rg3b3 Kh8
46.Rb3b8 Rd7b7
47.Rb8xb7 Qf7xb7
48.b4 Nf8h7
49.Qg4g6 Nh7g5
50.Qg6e8 Kh7
51.Nd5e7 { resign }
1-0

[Event "Match"]
[Site "www.echecsemail.com"]
[Date "2016.11.28"]
[Round "1"]
[White "Yangqi"]
[Black "Genius3"]
[WhiteElo "2690"]
[BlackElo "1650"]
[Result "1-0"]
[Round "1"]
1.e4 e6
2.d4 d5
3.Nb1c3 dxe4
4.Nc3xe4 Nb8d7
5.Ng1f3 Ng8f6
6.Bc1g5 Bf8e7
7.Ne4xf6 Be7xf6
8.Bg5xf6 Nd7xf6
9.Bf1b5 Bc8d7
10.Bb5xd7 Qd8xd7
11.Qd1d3 O-O
12.O-O-O Rf8d8
13.Kb1 Qd7d5
14.Rh1e1 b6
15.h3 h6
16.g4 Qd5b7
17.Qd3e3 Nf6d5
18.Qe3e4 c6
19.Nf3e5 Ra8c8
20.h4 Nd5f6
21.Qe4f3 Nf6d5
22.c4 Nd5f6
23.g5 hxg5
24.hxg5 Nf6e8
25.Qf3h3 Ne8d6
26.g6 fxg6
27.Re1h1 Kf8
28.Qh3h8 Ke7
29.Qh8xg7 { resign }
1-0

[Event "Match"]
[Site "www.echecsemail.com"]
[Date "2016.11.28"]
[Round "1"]
[White "Hundegana"]
[Black "Coraza8091"]
[WhiteElo "1990"]
[BlackElo "1500"]
[Result "1-0"]
[Round "1"]
1.e4 e5
2.c4 Bf8c5
3.d3 Qd8f6
4.Qd1f3 Qf6b6
5.a3 Ng8f6
6.Nb1c3 d6
7.h3 Bc8e6
8.Ng1e2 Nb8d7
9.Ra1b1 O-O-O
10.b4 Bc5d4
11.Bc1e3 Bd4xc3
12.Ne2xc3 Qb6a6
13.a4 h6
14.Bf1e2 Nd7b8
15.O-O  { time }
1-0

[Event "Match"]
[Site "www.echecsemail.com"]
[Date "2016.11.28"]
[Round "1"]
[White "Ssharp"]
[Black "Mitja"]
[WhiteElo "2170"]
[BlackElo "1960"]
[Result "1-0"]
[Round "1"]
1.e4 d5
2.e5 e6
3.d4 h6
4.f4 f5
5.Qd1h5 Kd7
6.Ng1f3 Qd8e8
7.Qh5h3 Bf8b4
8.c3 Bb4e7
9.Bf1b5 c6
10.Bb5e2 b6
11.Qh3g3 Qe8f7
12.Bc1e3 Bc8a6
13.Be2xa6 Nb8xa6
14.Nb1d2 Be7d8
15.O-O Ng8e7
16.Qg3f2 Bd8c7
17.Qf2e2 Na6b8
18.c4 dxc4
19.Nd2xc4 Ne7d5
20.Be3d2 a5
21.a3 Ke7
22.Ra1c1 Nb8d7
23.Qe2f2 Ra8g8
24.b4 axb4
25.axb4 g5
26.Nf3e1 gxf4
27.Bd2xf4 Nd5xf4
28.Qf2xf4 Rg8g4
29.Qf4xg4 fxg4
30.Rf1xf7 Kxf7
31.Ne1d3 Ke7
32.Nc4e3 c5
33.Ne3xg4 h5
34.Ng4f2 Kd8
35.bxc5 bxc5
36.Nd3xc5 Nd7xc5
37.Rc1xc5 Bc7b6
38.Rc5c6 { resign }
1-0

[Event "Match"]
[Site "www.echecsemail.com"]
[Date "2016.11.28"]
[Round "1"]
[White "Godrad"]
[Black "Witpar"]
[WhiteElo "2020"]
[BlackElo "2660"]
[Result "0-1"]
[Round "1"]
1.Ng1f3 Ng8f6
2.c4 g6
3.Nb1c3 Bf8g7
4.d4 O-O
5.g3 d6
6.Bf1g2 Nb8c6
7.O-O a6
8.d5 Nc6a5
9.b3 c5
10.Bc1b2 Ra8b8
 { time }
0-1

[Event "Match"]
[Site "www.echecsemail.com"]
[Date "2016.11.28"]
[Round "1"]
[White "Istomc"]
[Black "Cal"]
[WhiteElo "1630"]
[BlackElo "1630"]
[Result "0-1"]
[Round "1"]
1.e4 e5
2.Ng1f3 d6
3.Nb1c3 a6
4.g3 h6
5.d3 Nb8c6
6.d4 exd4
7.Nf3xd4 Nc6e5
8.b3 c5
9.Nd4f3 Ng8f6
10.Bf1g2 b5
11.Nf3xe5 Qd8a5
12.Bc1d2 dxe5
13.Nc3d5 b4
14.O-O Bc8e6
15.Nd5xf6 gxf6
16.Bd2e3 Ra8d8
17.Qd1f3 c4
18.Qf3xf6 Rh8g8
19.Be3xh6 Bf8xh6
20.Qf6xh6 c3
21.Bg2h3 { time. }
0-1

[Event "Match"]
[Site "www.echecsemail.com"]
[Date "2016.11.28"]
[Round "1"]
[White "Jwc"]
[Black "Istomc"]
[WhiteElo "1499"]
[BlackElo "1630"]
[Result "0-1"]
[Round "1"]
1.c4 g6
2.d3 Ng8f6
3.e4 e5
4.Ng1f3 d6
5.Bf1e2 Nb8c6
6.O-O Bf8g7
7.Bc1e3 O-O
8.h3 Nc6e7
9.Nb1c3 a6
10.d4 exd4
11.Nf3xd4 Bc8d7
12.b4 Bd7c6
13.Nd4xc6 bxc6
14.a4 Ra8b8
15.b5 cxb5
 { time }
0-1

[Event "1/64 Finale"]
[Site "www.chess-mail.com"]
[Date "2016.11.28"]
[Round "1"]
[White "Redabond"]
[Black "Bojan"]
[WhiteElo "1700"]
[BlackElo "2050"]
[Result "0-1"]
[Round "1"]
1.d4 d5
2.Bc1f4 e6
3.Nb1c3 Bf8d6
4.Bf4xd6 Qd8xd6
5.Ng1f3 Ng8e7
6.e4 Qd6b4
7.Ra1b1 dxe4
8.Nf3g5 f5
9.Ng5xe6 Bc8xe6
10.Bf1e2 Be6xa2
11.Rb1a1 Ba2f7
12.O-O a6
13.Ra1b1 Qb4d6
14.Rf1e1 Nb8c6
15.d5 Ne7xd5
16.Nc3xd5 Bf7xd5
17.b3 Ra8d8
18.c4 Bd5f7
19.Qd1xd6 Rd8xd6
20.f3 O-O
21.f4 Rf8d8
22.g3 Nc6d4
23.Be2f1 Nd4f3
24.Kf2 Nf3xe1
25.Rb1xe1 Rd6d2
26.Kg1 Rd2b2
27.Re1e3 Rd8d1
{ resign }
0-1

[Event "Eq:La Taverne-Nightwish : "]
[Site "www.chess-mail.com"]
[Date "2016.11.28"]
[Round "1"]
[White "Ladyuzbetova"]
[Black "Traub"]
[WhiteElo "1399"]
[BlackElo "1280"]
[Result "0-1"]
[Round "1"]
1.d4 Ng8f6
2.c4 e6
3.Ng1f3 d5
4.Nb1c3 c5
5.cxd5 exd5
6.g3 Nb8c6
7.Bf1g2 Nf6e4
 { time }
0-1

[Event "Tourn. n9069"]
[Site "www.chess-mail.com"]
[Date "2016.11.29"]
[Round "1"]
[White "Libiesse"]
[Black "Osopanda"]
[WhiteElo "2070"]
[BlackElo "2050"]
[Result "0-1"]
[Round "1"]
1.d4 d5
2.c4 e6
3.Ng1f3 Ng8f6
4.Bc1g5 Bf8e7
5.Nb1c3 O-O
6.e3 c6
7.cxd5 exd5
8.Bf1d3 h6
9.Bg5h4 Bc8g4
10.O-O Nb8d7
11.h3 Bg4h5
12.Bd3e2 Nf6e4
13.Bh4xe7 Qd8xe7
14.a3 f5
15.b4 Ne4xc3
{ resign }
0-1

[Event "Tourn. n9087"]
[Site "www.chess-mail.com"]
[Date "2016.11.29"]
[Round "1"]
[White "Norlavuaram"]
[Black "B0zata"]
[WhiteElo "2230"]
[BlackElo "2250"]
[Result "0-1"]
[Round "1"]
1.e4 d5
2.exd5 Qd8xd5
3.Nb1c3 Qd5e5
4.Bf1e2 Bc8g4
5.h3 Bg4xe2
6.Qd1xe2 Qe5g5
7.Qe2f3 Nb8c6
8.Ng1e2 e6
9.O-O Bf8d6
10.d4 Qg5g6
11.d5 Nc6e5
12.Qf3e4 Ng8f6
13.Qe4xg6 hxg6
14.dxe6 fxe6
15.b3 a6
16.Bc1b2 g5
17.Ne2g3 g4
18.hxg4 Ne5xg4
19.Nc3e4 Nf6xe4
20.Ng3xe4 Bd6h2
21.Kh1 Bh2e5
22.Kg1 Be5xb2
23.Ra1b1 Bb2d4
24.Rb1d1 O-O-O
25.Rd1d3 Rh8f8
26.Rd3g3 Ng4h6
27.Rg3g6 Rd8e8
28.c3 Bd4e5
29.Rf1e1 Nh6f5
30.Re1c1 Rf8h8
31.g3 Rh8h6
32.Rg6g4 Re8h8
33.Kg2 Nf5e7
34.f4 Be5f6
35.Ne4c5 e5
36.fxe5 Bf6xe5
37.Rc1e1 Be5d6
38.Nc5e4 Rh6h2
39.Kf3 Rh8f8
40.Ke3 Ne7d5
41.Kd4 Nd5f6
42.Ne4xd6 cxd6
43.Rg4xg7 Rh2h7
44.Rg7g6 Kd7
45.Re1f1 Rh7f7
46.c4 Nf6e8
47.Rf1h1 Rf7f6
48.Rg6g4 Rf8f7
49.Rh1e1 Ne8c7
50.Re1e3 Nc7e6
51.Kc3 Rf6f2
52.Rg4g6 Rf2f6
53.Rg6g4 Rf6f3
54.Re3xf3 Rf7xf3
55.Kb4 Rf3f5
56.Kc3 Rf5f2
57.a3 Rf2f3
58.Kb2 Kc6
59.Rg4g8 Ne6c5
60.b4 Nc5d3
61.Ka2 Nd3e5
62.Rg8c8 Kd7
63.Rc8g8 Ne5xc4
64.g4 Rf3xa3
65.Kb1 Nc4e5
66.g5 Ra3b3
67.Kc2 Rb3xb4
68.g6 Rb4g4
69.g7 Kc7
70.Kc3 Ne5f7
{ resign }
0-1

[Event "Tourn. n9056"]
[Site "www.chess-mail.com"]
[Date "2016.11.29"]
[Round "1"]
[White "Roohbakhsh"]
[Black "Joseph1983"]
[WhiteElo "2040"]
[BlackElo "2180"]
[Result "0-1"]
[Round "1"]
1.Ng1f3 d5
2.g3 Nb8c6
3.Bf1g2 e5
4.d3 Ng8f6
5.O-O Bf8c5
6.Bc1g5 h6
7.Bg5xf6 Qd8xf6
8.Nb1c3 Bc8e6
9.e4 dxe4
10.Nc3xe4 Qf6e7
11.Nf3xe5 Bc5xf2
12.Rf1xf2 Nc6xe5
13.d4 Ne5g4
14.Rf2e2 O-O
15.Ne4c5 c6
16.Qd1e1 Ra8e8
17.b4 Qe7d8
18.Nc5xe6 Re8xe6
19.c3 Rf8e8
20.Re2xe6 Re8xe6
21.Qe1d2 Qd8e7
22.h3 Re6e2
23.Qd2f4 Re2xg2
24.Kxg2 Qe7e2
25.Kg1 Qe2h2
26.Kf1 Qh2h1
27.Ke2 Qh1xa1
28.Qf4xg4 Qa1xa2
29.Kd1 Qa2e6
30.Qg4xe6 fxe6
31.Kc2 Kf7
32.Kd3 Ke7
33.Ke4 b6
34.c4 a5
35.c5 a4
36.cxb6 Kd7
37.Kd3 Kc8
38.Kc3 Kb7
{ resign }
0-1

[Event "Tourn. n9005"]
[Site "www.chess-mail.com"]
[Date "2016.11.29"]
[Round "1"]
[White "Sportuga"]
[Black "Foxy100"]
[WhiteElo "2270"]
[BlackElo "2300"]
[Result "1-0"]
[Round "1"]
1.e4 e5
2.Ng1f3 Nb8c6
3.Bf1b5 a6
4.Bb5a4 Ng8f6
5.O-O Bf8e7
6.Rf1e1 b5
7.Ba4b3 O-O
8.h3 Bc8b7
9.d3 h6
10.Nb1d2 d6
11.c3 Rf8e8
12.Nd2f1 Be7f8
13.Nf1e3 Nc6e7
14.Nf3h2 Ne7g6
15.Nh2g4 Ng6f4
16.a4 Nf6d7
17.Ne3f5 Nd7c5
18.Bc1xf4 exf4
19.axb5 axb5
20.Ra1xa8 Bb7xa8
21.Bb3c2 Nc5e6
22.d4 h5
23.Ng4h2 g6
24.d5 gxf5
25.dxe6 Re8xe6
26.Qd1xh5 Ba8xe4
27.Bc2xe4 fxe4
28.Qh5g4 Bf8g7
29.Qg4xf4 Qd8a8
30.Nh2f1 { resign }
1-0